Open Data Biblioteca Nacional de Portugal


República Portuguesa: Ministério da Cultura
Biblioteca Nacional de Portugal

Catálogo da BNP: acesso por Identificadores Unívocos
Registos Bibliográficos associados ao registo de autoridade

Etiqueta de registo: 00000nam 2200025 450
001 2075143
003 http://id.bnportugal.gov.pt/bib/catbnp/2075143
100 ## $a20210705d2020 k y0pory01030103ba
101 0# $aeng$dpor
102 ## $aPT
105 ## $aa m 000yy
106 ## $ar
200 1# $aEssays on finantial cycles and bank's risk$fTiago Mota Dutra$gorient. José Carlos Gonçalves Dias, João Carlos Aguiar Teixeira
210 #9 $aLisboa$c[s.n.],$d2020
215 ## $aVI f., 126 p.$cil.$d30 cm
328 #1 $aTese dout. Finanças, pelo ISCTE - Inst. Universitário de Lisboa, 2020
675 ## $a336(043)$vBN$zpor$3481332
700 #1 $aDutra,$bTiago Mota$31813631
702 #1 $aDias,$bJosé Carlos Gonçalves,$f1970-$4727$3890365
702 #1 $aTeixeira,$bJoão Carlos Aguiar$4727$31040758
801 #0 $aPT$bBN$gRPC
966 ## $lBN$mFGMON$sS.C. 156121 V.$x1
972 ## $e1$d20211111$visantos
973 ## $ccristinat$d2021109

Etiqueta de registo: 00254nam 2200025 450
001 2195490
003 http://id.bnportugal.gov.pt/bib/catbnp/2195490
100 ## $a20241108d2024 k y0pory01030103ba
101 0# $aeng$dpor
102 ## $aPT
105 ## $ay m 000yy
106 ## $ar
200 1# $aEssays on banks' risk$fTiago Filipe Almeida Matos$gorient. João Carlos Aguiar Teixeira, Tiago Mota Dutra
210 #9 $aPonta Delgada$c[s.n.],$d2024
215 ## $aV, 180 p.$d30 cm
328 #1 $aTese dout. Ciências Económicas (Gestão), Universidade dos Açores, 2024
700 #1 $aMatos,$bTiago Filipe Almeida $31935026
702 #1 $aTeixeira,$bJoão Carlos Aguiar$4727$31040758
702 #1 $aDutra,$bTiago Mota$4727$31813631
801 #0 $aPT$bBN$gRPC
966 ## $lBN$mFGMON$x1
971 ## $cjbeatriz$d20241108

Etiqueta de registo: 00254nam 2200025 450
001 2281665
003 http://id.bnportugal.gov.pt/bib/catbnp/2281665
010 ## $a978-989-565-136-8
021 ## $aPT$b554904/25
100 ## $a20260319d2025 m y0pory01030103ba
101 0# $apor
102 ## $aPT
105 ## $ay z 000yy
106 ## $ar
200 1# $aAvaliação de empresas da teoria à prática$e uma abordagem concisa para gestores, investidores e estudantes$fTiago Mota Dutra
205 ## $a1ª ed
210 #9 $a[S.l.]$cRei dos Livros,$d2025
215 ## $a126 p.$d23 cm
675 ## $a658.14/.17(035)$vBN$zpor$31239104
675 ## $a005.3/.5(035)$vBN$zpor$31509963
675 ## $a657.41/.45(035)$vBN$zpor$31208118
700 #1 $aDutra,$bTiago Mota$31813631
801 #0 $aPT$bBN$gRPC
856 41 $uhttp://rnod.bnportugal.gov.pt/ImagesBN/winlibimg.aspx?skey=&doc=2281665&img=220890&save=true
900 ## $aBIBNAC$d20260407
966 ## $lBN$mFGMON$sS.A. 193399 V.$x1
966 ## $lBN$mFGMON$sS.A. 193399 V.-D$x1
971 ## $cisantos$d20260319
972 ## $e0$z0$d20260407$vlrevez
973 ## $cigoulao$d20260327
975 ## $e0$d20260409$viquintas

OpendataBNP@bnportugal.pt | Mais informação sobre acesso aos dados BNP